Statistics for Motorsport Trivia #1

Click here to take the quiz!

General Stats

  • This quiz has been taken 387 times
    (386 since last reset)
  • The average score is 6 of 15

Answer Stats

QuestionAnswer% Correct
Who has won the most World Rally Championships?Sebastien Loeb
69%
What was the nickname of the Mercedes F1 team?Silver Arrows
66%
At what 1955 race was the worst motor racing crash ever?Le Mans 24 Hours
62%
How many F1 races did Peter Collins win?3
56%
What is special about the engine of the Audi R18 e-Tron Quattro?It's a hybrid
51%
What discipline did Petter Solberg switch to in 2013?Rallycross
50%
What is the name of the 3 mile long straight at the Circuit de la Sarthe?Mulsanne Straight
47%
What colour flag is shown to order a driver to pit due to damage? (European flags)Black and Orange
32%
Which team won the first Formula 1 World Constructors Championship?Vanwall
32%
Which British driver won 3 World Touring Car Championships between 2005 and 2007?Andy Priaulx
25%
Who is the current CEO of the McLaren F1 team?Martin Whitmarsh
22%
What was Nestle Oil Rally Finland once called?1000 Lakes Rally
21%
Which driver won the 1991 Le Mans 24 Hours but could not attend the podium ceremony?Johnny Herbert
20%
Which F1 driver has won the most consecutive races?Alberto Ascari
18%
At which road circuit did Stirling Moss win the only Grand Prix here in 1958?Pescara
6%

Score Distribution

Percentile by Number Answered

Percent of People with Each Score

Your Score History

You have not taken this quiz since the last reset